00740nam a2200217Ia 4500003000900000008004100009020001800050040001600068080001500084100001900099245013100118260004100249300001400290650002700304650002200331650002000353650002500373942000700398999001700405952010000422IN-BaIIA211028s9999 xx 000 0 eng d a0-935702-27-X cIIA Library a92:52bHOY aHoyle, F92325 0aHome is where the wind blows: chapters from a cosmologist's life.cF. Hoyle  aCaliforniabUniversity Sciencec1994 axi, 443p. aAstrophysicists920422 aAstrophysics9794 aBiography91224 aGreat Britain920423 cBK c11779d11779 00104070aBANbBANcGENd1996-06-14eHEF l0o92:52/ HOYp12694r2021-11-05w1996-06-14yBK